| 000 | 01412cam a2200301Ia 4500 | ||
|---|---|---|---|
| 001 | revealinglastday00chun | ||
| 003 | CaSfIA | ||
| 005 | 20210118215132.0 | ||
| 007 | cr|||| | ||
| 008 | 940926s1991 arua 000 0 eng d | ||
| 040 |
_aEXN _cEXN _dTCA _dCaSfIA |
||
| 020 | _a096253434X | ||
| 020 | _a9780962534348 | ||
| 035 | _a(OCoLC)31180701 | ||
| 090 |
_aBS1556 _b.C48 1991 |
||
| 092 |
_a220.6 _bC5595re |
||
| 100 | 1 | _aChung, M. Kirkpatrick. | |
| 245 | 1 | 0 |
_aRevealing last day events from the Bible books of Daniel & Revelation / _h[electronic resource] _cM. Kirkpatrick Chung. |
| 260 |
_aSiloam Springs, Ark. : _bCreation Enterprises International, _c1991. |
||
| 300 |
_a88 p. : _bill. ; _c22 cm. |
||
| 630 | 0 | 0 |
_aBible. _pO.T. _pDaniel _xCriticism, interpretation, etc. |
| 630 | 0 | 0 |
_aBible. _pN.T. _pRevelation _xCriticism, interpretation, etc. |
| 856 | 4 | 1 |
_uhttp://www.archive.org/details/revealinglastday00chun _zFree eBook from the Internet Archive |
| 856 | 4 | 2 |
_uhttp://www.openlibrary.org/books/OL8519722M _zAdditional information and access via Open Library |
| 942 | _cEB | ||
| 506 | _fНеобхідна авторизація на https://archive.org/ (створення облікового запису безкоштовно) | ||
| 506 | _fНеобхідна авторизація на https://openlibrary.org/ (створення облікового запису безкоштовно) | ||
| 999 |
_c543476 _d543476 |
||